Exposición hispano-marroquí : catálogo catálogo
Descripción Física:
[24] p. : il. col. ; 16 cm
Materias:
Fira de Barcelona -- Exposicions
MARC
| LEADER | 00000nam a2200000Ia 4500 | ||
|---|---|---|---|
| 001 | 21888 | ||
| 008 | 160829s1944 xx 000 0 cat d | ||
| 080 | |a FU-45-68 | ||
| 245 | |a Exposición hispano-marroquí : |b catálogo | ||
| 260 | |a Barcelona : |b Gráficas Caso, |c 1944 | ||
| 300 | |a [24] p. : |b il. col. ; |c 16 cm | ||
| 590 | |a A la part superior de la portada: Pabellón de Marruecos. | ||
| 590 | |a A la coberta: Catálogo de la exposición y talleres del pabellón de Marruecos. XII Feria Oficial de Muestras Internacional. | ||
| 590 | |a Prové de 4592, exp. 75 | ||
| 650 | |a Fira de Barcelona |x Exposicions |9 47970 | ||
| 856 | 4 | |u https://media.diba.cat/diba/fitxers/arxiu/fulletons/bib_21888_baixa.pdf |y Accés lliure | |
| 856 | 4 | |u https://media.diba.cat/diba/fitxers/arxiu/fulletons/bib_21888_baixa.pdf |y Accés lliure | |
| 901 | |a Arxiu | ||
| 942 | |n 1 |2 udc | ||
| 952 | |0 0 |1 0 |4 0 |6 FU4568 |7 1 |9 54244 |a Arxiu |b Arxiu |d 2016-12-01 |l 0 |o FU-45-68 |p 21888 |r 2016-12-01 00:00:00 |w 2016-12-01 |y ARXIU | ||
| 999 | |c 58113 |d 58113 | ||
| 900 | |a bib_21888_baixa.pdf | ||